LEADER 01015cam0-22003731i-450- 001 990007676390403321 005 20130607122737.0 035 $a000767639 035 $aFED01000767639 035 $a(Aleph)000767639FED01 035 $a000767639 100 $a20030814d1976----km-y0itay50------ba 101 0 $aita 102 $aIT 105 $ay-------001yy 200 1 $aDiritto e analisi del linguaggio$fa cura di Uberto Scarpelli 210 $aMilano$cEd. di Comunità$d1976 215 $a487 p.$d24 cm 225 1 $aLuoghi critici$v2 676 $a340 676 $a340.1 702 1$aScarpelli,$bUberto$f<1924-1993> 801 0$aIT$bUNINA$gRICA$2UNIMARC 901 $aBK 912 $a990007676390403321 952 $aDPR 6/457$b6470$fDEC 952 $a19-I-73BIS$bCOMM. 683$fDDCP 952 $aCOLLEZ. 503 (2)$b10120$fFSPBC 952 $aXI N 580 (2)$b26973*$fFGBC 959 $aDDCP 959 $aFSPBC 959 $aFGBC 996 $aDiritto e analisi del linguaggio$9136856 997 $aUNINA LEADER 01996nam 2200577 a 450 001 9910789802703321 005 20191030193400.0 010 $a1-283-09971-3 010 $a9786613099716 010 $a0-8144-1656-X 035 $a(CKB)2670000000081741 035 $a(EBL)678727 035 $a(OCoLC)711788415 035 $a(SSID)ssj0000468906 035 $a(PQKBManifestationID)12194613 035 $a(PQKBTitleCode)TC0000468906 035 $a(PQKBWorkID)10507393 035 $a(PQKB)11421728 035 $a(Au-PeEL)EBL678727 035 $a(CaPaEBR)ebr10461073 035 $a(CaONFJC)MIL309971 035 $a(PPN)170250059 035 $a(CaSebORM)9780814416556 035 $a(MiAaPQ)EBC678727 035 $a(EXLCZ)992670000000081741 100 $a20100916d2011 uy 0 101 0 $aeng 135 $aurunu||||| 181 $ctxt 182 $cc 183 $acr 200 10$aEssentials of inventory management$b[electronic resource] /$fMax Muller 205 $a2nd ed. 210 $aNew York $cAMACOM$dc2011 215 $a1 online resource (272 p.) 300 $aDescription based upon print version of record. 311 $a0-8144-1655-1 320 $aIncludes bibliographical references and index. 327 $aInventory as both a tangible and an intangible object -- Inventory as money -- Physical location and control of inventory -- Automatic identification -- Planning and replenishment concepts -- Why inventory systems fail and how to fix them -- Basics of supply chain risk management. 330 $aTimeless stock-keeping fundamentals meet up-to-the minute technologies to optimize efficiency and drive profits! 606 $aInventory control 615 0$aInventory control. 676 $a658.7/87 700 $aMu?ller$b Max$0196165 801 0$bMiAaPQ 801 1$bMiAaPQ 801 2$bMiAaPQ 906 $aBOOK 912 $a9910789802703321 996 $aEssentials of inventory management$93692362 997 $aUNINA